|
|
|
|
| LEADER |
00645cam a2200169 7i4500 |
| 001 |
0000135556 |
| 005 |
20080316090000.0 |
| 002 |
0000000619 |
| 090 |
0 |
0 |
|a LP 28 FSGT 2 1999
|
| 100 |
0 |
# |
|a Roslan Mohamad
|
| 235 |
0 |
0 |
|a Kajian terhadap terumbu karang di perairan Pulau Bidong
|c Roslan Mohamad.
|
| 245 |
0 |
0 |
|a Laporan Projek FSGT (Ijazah Bacelor Sains Samudera)1999.
|
| 260 |
# |
# |
|a Terengganu:
|b Universiti Putra Malaysia Terengganu,
|c 1999.
|
| 300 |
|
|
|a xii,79 p.:
|b ill.;
|c 30 cm.
|
| 502 |
# |
# |
|a Kajian terhadap terumbu karang di peraiaran Pulau Bidong telah dijalankan
|
| 602 |
# |
# |
|a Laporan Projek FSGT 1999
|
| 999 |
|
|
|a 1100024165
|b Book
|c Koleksi Arkib
|e BILIK ARKIB
|